[Event "Santa Fe City-ch"]
[Site "Santa Fe"]
[Date "2021.11.15"]
[Round "7"]
[White "Gomez, Abel"]
[Black "Acosta, Raul ER"]
[Result "0-1"]
[WhiteElo "1633"]
[BlackElo "1970"]
[PlyCount "80"]
[EventDate "2021.11.01"]
[EventType "tourn"]
[EventRounds "9"]
[EventCountry "ARG"]
[SourceTitle "CBM 205 Extra"]
[Source "ChessBase"]
[SourceDate "2022.01.31"]
[SourceVersion "1"]
[SourceVersionDate "2022.01.31"]
[SourceQuality "1"]

1. d4 c5 2. d5 e5 3. e4 d6 4. Bb5+ Nd7 5. a4 Be7 6. Nf3 Ngf6 7. Nc3 0-0 8. 0-0 h6 9. Re1 Ne8 10. Nd2 Bg5 11. Nf1 Bxc1 12. Qxc1 a6 13. Be2 Kh7 14. Ra3 g6 15. Ne3 Kg7 16. Bd3 Rb8 17. a5 Ndf6 18. Ne2 Bd7 19. Ng3 Nc7 20. Bc4 h5 21. Nef5+ Bxf5 22. exf5 h4 23. Nf1 Ncxd5 24. Qg5 Rh8 25. fxg6 fxg6 26. Rd3 Nf4 27. Rxe5 Nxd3 28. Bxd3 dxe5 29. Qxg6+ Kf8 30. Bc4 Qe7 31. Ne3 Qg7 32. Qf5 Rh5 33. Qe6 Qe7 34. Qh3 Rd8 35. Qf3 Rd4 36. b3 Rf4 37. Qh3 Qd7 38. Be6 Qd2 39. Bc4 Qxf2+ 40. Kh1 Qe1+ 0-1

[Event "Santa Fe City-ch"]
[Site "Santa Fe"]
[Date "2021.11.12"]
[Round "6"]
[White "Acosta, Raul ER"]
[Black "Dib, Nadir"]
[Result "1-0"]
[WhiteElo "1970"]
[BlackElo "1685"]
[PlyCount "80"]
[EventDate "2021.11.01"]
[EventType "tourn"]
[EventRounds "9"]
[EventCountry "ARG"]
[SourceTitle "CBM 205 Extra"]
[Source "ChessBase"]
[SourceDate "2022.01.31"]
[SourceVersion "1"]
[SourceVersionDate "2022.01.31"]
[SourceQuality "1"]

1. b3 e5 2. Bb2 d6 3. e4 Nf6 4. d3 g6 5. Nf3 Bg7 6. Nbd2 0-0 7. g3 c6 8. Bg2 Re8 9. 0-0 Qc7 10. Re1 Nbd7 11. d4 exd4 12. Nxd4 Nc5 13. h3 h5 14. Rb1 Nh7 15. N4f3 Nf6 16. Ng5 Nh7 17. Bxg7 Kxg7 18. Nxh7 Kxh7 19. Nc4 Rd8 20. Qd4 b5 21. Ne3 Qe7 22. Rbd1 h4 23. e5 d5 24. gxh4 Ne6 25. Qg4 Ng7 26. Qg5 Re8 27. Qxe7 Rxe7 28. c4 Rxe5 29. cxd5 cxd5 30. Nxd5 Rxe1+ 31. Rxe1 Rb8 32. Nf6+ Kh6 33. Re7 Be6 34. Rxa7 Nf5 35. Rb7 Ra8 36. h5 Rxa2 37. hxg6 Kxg6 38. Ng4 Bxb3 39. Rxb5 Be6 40. Be4 Ra1+ 1-0

[Event "Santa Fe City-ch"]
[Site "Santa Fe"]
[Date "2021.11.01"]
[Round "1"]
[White "Acosta, Raul ER"]
[Black "Rios, Emiliano"]
[Result "1/2-1/2"]
[WhiteElo "1970"]
[BlackElo "1830"]
[PlyCount "110"]
[EventDate "2021.11.01"]
[EventType "tourn"]
[EventRounds "9"]
[EventCountry "ARG"]
[SourceTitle "CBM 205 Extra"]
[Source "ChessBase"]
[SourceDate "2022.01.31"]
[SourceVersion "1"]
[SourceVersionDate "2022.01.31"]
[SourceQuality "1"]

1. g3 e5 2. Bg2 d5 3. c4 d4 4. d3 c5 5. Nf3 Nc6 6. 0-0 Nf6 7. Na3 Bd6 8. Bd2 0-0 9. Rb1 h6 10. Nc2 a5 11. b3 Bf5 12. a3 e4 13. Nfe1 Ne5 14. Bf4 Nc6 15. Qd2 exd3 16. exd3 Re8 17. Bxd6 Qxd6 18. Nf3 Re7 19. Rfe1 Rae8 20. Rxe7 Rxe7 21. Re1 Rxe1+ 22. Ncxe1 Qe6 23. Bf1 Nd7 24. Qe2 Qxe2 25. Bxe2 Nde5 26. Nd2 g5 27. f3 Kg7 28. Kf2 b6 29. Bf1 Kf6 30. h3 Ke6 31. Ke2 Ne7 32. Kf2 Bh7 33. Be2 Nf5 34. Ng2 Nd6 35. Ne1 f5 36. f4 Ng6 37. Ng2 Bg8 38. Bh5 Kf6 39. Bxg6 Kxg6 40. Nf3 Be6 41. fxg5 hxg5 42. h4 gxh4 43. gxh4 Kf6 44. Kg3 Nf7 45. Kf4 Bd7 46. a4 Bc6 47. Nge1 Bb7 48. h5 Bc6 49. Nh4 Nh6 50. Nef3 Bxf3 51. Nxf3 Ng4 52. Nh4 Nf2 53. Nxf5 Nxd3+ 54. Ke4 Nf2+ 55. Kf4 Nd3+ 1/2-1/2

[Event "Santa Fe op"]
[Site "Santa Fe"]
[Date "2020.02.16"]
[Round "7"]
[White "Yujnovsky, German"]
[Black "Acosta, Raul ER"]
[Result "0-1"]
[WhiteElo "1639"]
[BlackElo "1987"]
[PlyCount "40"]
[EventDate "2020.02.08"]
[EventType "swiss"]
[EventRounds "7"]
[EventCountry "ARG"]
[SourceTitle "CBM 195 Extra"]
[Source "ChessBase"]
[SourceDate "2020.05.31"]
[SourceVersion "1"]
[SourceVersionDate "2020.05.31"]
[SourceQuality "1"]

1. e4 g6 2. d4 Bg7 3. Nc3 c6 4. Be3 d5 5. e5 Nh6 6. Be2 Nf5 7. h4 h5 8. Bg5 Qb6 9. Nf3 Qxb2 10. Bd2 Qb6 11. Rb1 Qc7 12. 0-0 Nh6 13. Ng5 Bf5 14. f3 f6 15. g4 fxe5 16. gxf5 exd4 17. Ne6 Qg3+ 18. Kh1 Be5 19. Bf4 Bxf4 20. Nxf4 Qxf4 0-1

[Event "ARG-ch sf 94th"]
[Site "Buenos Aires"]
[Date "2019.04.02"]
[Round "4"]
[White "Acosta, Raul ER"]
[Black "Crespo, Eugenio"]
[Result "1-0"]
[WhiteElo "2019"]
[BlackElo "2151"]
[PlyCount "127"]
[EventDate "2019.03.30"]
[EventType "swiss"]
[EventRounds "9"]
[EventCountry "ARG"]
[SourceTitle "CBM 189 Extra"]
[Source "ChessBase"]
[SourceDate "2019.06.03"]
[SourceVersion "1"]
[SourceVersionDate "2019.06.03"]
[SourceQuality "1"]

1. e4 e6 2. d4 d5 3. Nd2 Nf6 4. e5 Nfd7 5. Bd3 c5 6. c3 Nc6 7. Ne2 cxd4 8. cxd4 f6 9. exf6 Nxf6 10. Nf3 Bd6 11. 0-0 0-0 12. Bg5 Qe8 13. Bh4 e5 14. dxe5 Nxe5 15. Nxe5 Bxe5 16. Qb3 Be6 17. Bg3 Bxg3 18. Nxg3 Qf7 19. Rae1 Ne4 20. Qb4 Nxg3 21. fxg3 Qd7 22. Rxf8+ Rxf8 23. Bxh7+ Kxh7 24. Qxf8 d4 25. Qc5 a6 26. Qh5+ Kg8 27. Qe5 Bf7 28. Rd1 d3 29. Qe4 Bxa2 30. Rxd3 Qc8 31. h3 Be6 32. Kh2 Bf5 33. Qd5+ Be6 34. Qd6 Qc4 35. Rd4 Qc8 36. Qe7 Kh7 37. Qh4+ Kg6 38. Qe4+ Bf5 39. Qe5 Kh7 40. h4 Bd7 41. Qg5 Qe8 42. h5 Bc6 43. Rd6 Qe4 44. Qg6+ Qxg6 45. Rxg6 Be8 46. Rb6 Bxh5 47. Rxb7 Bg4 48. Rb6 Be2 49. Kg1 g6 50. Kf2 Bb5 51. Kf3 Kh6 52. Kf4 Be2 53. g4 Bd3 54. b4 Bf1 55. Rd6 Be2 56. g3 Bc4 57. g5+ Kg7 58. Rd7+ Kf8 59. Ke5 Bb5 60. Ra7 Bd3 61. Kf6 Ke8 62. Rg7 Kf8 63. Rxg6 Bxg6 64. Kxg6 1-0

[Event "ARG-ch Amateur U2300"]
[Site "Suipacha"]
[Date "2017.11.18"]
[Round "3.6"]
[White "Raviolo, Ignacio"]
[Black "Acosta, Raul ER"]
[Result "1/2-1/2"]
[WhiteElo "2139"]
[BlackElo "2032"]
[PlyCount "62"]
[EventDate "2017.11.17"]
[EventType "swiss"]
[EventRounds "8"]
[EventCountry "ARG"]
[SourceTitle "EXT 2024"]
[Source "ChessBase"]
[SourceDate "2023.10.10"]
[SourceVersion "1"]
[SourceVersionDate "2023.10.10"]
[SourceQuality "1"]

1. e4 c5 2. Nf3 d6 3. d4 cxd4 4. Nxd4 Nf6 5. Nc3 g6 6. Be3 Bg7 7. f3 0-0 8. Qd2 Nc6 9. Bc4 Bd7 10. 0-0-0 Ne5 11. Bb3 Qa5 12. Kb1 Rfc8 13. Bh6 Bxh6 14. Qxh6 Rxc3 15. bxc3 Qxc3 16. Qd2 Qc5 17. Rhe1 a5 18. c4 Nxc4 19. Bxc4 Qxc4 20. Qd3 Qc5 21. Nb3 Qc7 22. h3 Rc8 23. g4 d5 24. Nd2 Ba4 25. Rc1 dxe4 26. Nxe4 Qf4 27. Nxf6+ Qxf6 28. f4 Qb6+ 29. Ka1 Qf6+ 30. Kb1 Qb6+ 31. Ka1 Qf6+ 1/2-1/2

[Event "ARG-ch Seniors 50"]
[Site "Termas de Rio Hondo"]
[Date "2017.04.20"]
[Round "2"]
[White "Acosta, Raul ER"]
[Black "Belmonte, Jose Antonio"]
[Result "1/2-1/2"]
[WhiteElo "2035"]
[BlackElo "2004"]
[PlyCount "41"]
[EventDate "2017.04.19"]
[EventType "swiss"]
[EventRounds "7"]
[EventCountry "ARG"]
[SourceTitle "EXT 2024"]
[Source "ChessBase"]
[SourceDate "2023.10.10"]
[SourceVersion "1"]
[SourceVersionDate "2023.10.10"]
[SourceQuality "1"]

1. c4 e5 2. Nc3 Nc6 3. g3 g6 4. Bg2 Bg7 5. Rb1 d6 6. b4 Nf6 7. d3 0-0 8. Nf3 Nh5 9. Nd5 Ne7 10. 0-0 c6 11. Nxe7+ Qxe7 12. b5 Qc7 13. Ne1 Be6 14. Nc2 d5 15. Nb4 Rfd8 16. bxc6 bxc6 17. Qa4 Rac8 18. Na6 Qd7 19. Nc5 Qe8 20. Rb7 dxc4 21. dxc4 1/2-1/2

[Event "ARG-ch Seniors 50"]
[Site "Termas de Rio Hondo"]
[Date "2017.04.19"]
[Round "1"]
[White "Tempone, Marcelo"]
[Black "Acosta, Raul ER"]
[Result "1-0"]
[WhiteElo "2397"]
[BlackElo "2035"]
[PlyCount "91"]
[EventDate "2017.04.19"]
[EventType "swiss"]
[EventRounds "7"]
[EventCountry "ARG"]
[SourceTitle "EXT 2024"]
[Source "ChessBase"]
[SourceDate "2023.10.10"]
[SourceVersion "1"]
[SourceVersionDate "2023.10.10"]
[SourceQuality "1"]

1. d4 c5 2. d5 e5 3. e4 d6 4. Nc3 Be7 5. Be2 a6 6. a4 Bg5 7. Nf3 Bxc1 8. Qxc1 Bg4 9. Qg5 Qxg5 10. Nxg5 Bxe2 11. Kxe2 b6 12. h4 Nd7 13. Nf3 Rc8 14. Nd2 Ke7 15. h5 Ngf6 16. Nf1 g6 17. Ng3 Ne8 18. Nd1 Ng7 19. Ne3 Nf6 20. h6 Ngh5 21. Nxh5 Nxh5 22. Rab1 Nf6 23. f3 Rc7 24. b4 Nd7 25. b5 a5 26. Nc4 Rb7 27. g3 Rbb8 28. Rbf1 f6 29. f4 Rhf8 30. Rf2 f5 31. fxe5 Nxe5 32. Nxe5 dxe5 33. Rhf1 Rbd8 34. c4 Rd6 35. exf5 Rxf5 36. Rxf5 gxf5 37. Rxf5 Rxh6 38. Rxe5+ Kd7 39. Kd3 Rh1 40. Re6 Rg1 41. Rxb6 Rxg3+ 42. Ke4 Rc3 43. Rh6 Rxc4+ 44. Ke5 Rxa4 45. Rxh7+ Ke8 46. b6 1-0

[Event "ARG-ch Amateur U2300"]
[Site "Torre Blanca"]
[Date "2016.12.11"]
[Round "8.12"]
[White "Godoy, Carlos"]
[Black "Acosta, Raul ER"]
[Result "1/2-1/2"]
[WhiteElo "2077"]
[BlackElo "2039"]
[PlyCount "28"]
[EventDate "2016.12.08"]
[EventType "swiss"]
[EventRounds "8"]
[EventCountry "ARG"]
[SourceTitle "EXT 2024"]
[Source "ChessBase"]
[SourceDate "2023.10.10"]
[SourceVersion "1"]
[SourceVersionDate "2023.10.10"]
[SourceQuality "1"]

1. Nf3 g6 2. g3 Bg7 3. Bg2 c5 4. c4 Nc6 5. 0-0 Nf6 6. d4 cxd4 7. Nxd4 0-0 8. Nc3 Nxd4 9. Qxd4 d6 10. Qd2 Be6 11. b3 d5 12. cxd5 Nxd5 13. Bxd5 Bxd5 14. Bb2 Bc6 1/2-1/2

[Event "ARG-ch Amateur U2300"]
[Site "Torre Blanca"]
[Date "2016.12.09"]
[Round "3.7"]
[White "Negri, Santiago"]
[Black "Acosta, Raul ER"]
[Result "1-0"]
[WhiteElo "2180"]
[BlackElo "2039"]
[PlyCount "81"]
[EventDate "2016.12.08"]
[EventType "swiss"]
[EventRounds "8"]
[EventCountry "ARG"]
[SourceTitle "EXT 2024"]
[Source "ChessBase"]
[SourceDate "2023.10.10"]
[SourceVersion "1"]
[SourceVersionDate "2023.10.10"]
[SourceQuality "1"]

1. Nf3 g6 2. c4 Bg7 3. Nc3 c5 4. d4 cxd4 5. Nxd4 Nf6 6. e4 d6 7. Be2 0-0 8. 0-0 Nc6 9. Be3 Nxd4 10. Bxd4 Qa5 11. a3 Be6 12. b4 Qc7 13. Rc1 Rfc8 14. Nd5 Bxd5 15. exd5 Qd7 16. g4 Qd8 17. g5 Nd7 18. Bxg7 Kxg7 19. Qd4+ Kg8 20. Bg4 Ne5 21. Be2 a5 22. b5 Rc5 23. Rc3 Qf8 24. f4 Nd7 25. Bg4 f5 26. gxf6 Qxf6 27. Qd2 Nb6 28. Rfc1 Rf8 29. Be6+ Kg7 30. f5 Qh4 31. Rh3 Qg4+ 32. Rg3 Nxc4 33. Qc3+ Ne5 34. f6+ Rxf6 35. Rxg4 Rxc3 36. Rxc3 Nxg4 37. Bxg4 Rf4 38. Bc8 b6 39. Rc6 Ra4 40. Rxb6 Rxa3 41. Ra6 1-0

[Event "Pan American-ch U2300"]
[Site "Carilo Village"]
[Date "2016.10.28"]
[Round "6"]
[White "Alves Fernandes, Pablo"]
[Black "Acosta, Raul ER"]
[Result "0-1"]
[WhiteElo "2072"]
[BlackElo "2016"]
[PlyCount "74"]
[EventDate "2016.10.25"]
[EventType "swiss"]
[EventRounds "9"]
[EventCountry "ARG"]
[SourceTitle "EXT 2022"]
[Source "ChessBase"]
[SourceDate "2021.10.06"]
[SourceVersion "1"]
[SourceVersionDate "2021.10.06"]
[SourceQuality "1"]

1. Nf3 g6 2. d4 Bg7 3. e4 c5 4. c3 cxd4 5. cxd4 d5 6. e5 Nc6 7. Nc3 Bg4 8. Be2 e6 9. Nb5 Bf8 10. 0-0 a6 11. Nc3 Nge7 12. Bg5 Bxf3 13. Bxf3 Qb6 14. Bf6 Rg8 15. Bxe7 Bxe7 16. Ne2 Bg5 17. Qa4 Kf8 18. g3 h5 19. Bg2 Kg7 20. f4 Be7 21. Kh1 Rac8 22. Bf3 Nb4 23. a3 Nc2 24. Rab1 Rc4 25. Qd7 Rc7 26. Qa4 Rgc8 27. Nc3 Ne3 28. Rfe1 Rc4 29. Qd7 Nf5 30. Bxd5 R8c7 31. Qe8 exd5 32. e6 fxe6 33. g4 hxg4 34. Rg1 g3 35. Rbe1 Qc6 36. Qb8 Bf6 37. hxg3 Rc8 0-1

[Event "Cordoba Villa Giardino op 15th"]
[Site "Cordoba"]
[Date "2016.05.25"]
[Round "1"]
[White "Acosta, Raul ER"]
[Black "Diaz, Luis Misael"]
[Result "1-0"]
[WhiteElo "2001"]
[BlackElo "1284"]
[PlyCount "129"]
[EventDate "2016.05.25"]
[EventType "swiss"]
[EventRounds "7"]
[EventCountry "ARG"]
[SourceTitle "EXT 2024"]
[Source "ChessBase"]
[SourceDate "2023.10.10"]
[SourceVersion "1"]
[SourceVersionDate "2023.10.10"]
[SourceQuality "1"]

1. Nf3 d5 2. c4 e6 3. g3 Nf6 4. b3 c5 5. Bg2 Be7 6. 0-0 0-0 7. Bb2 Nc6 8. d3 b6 9. e3 Bb7 10. Qe2 Rb8 11. Rd1 d4 12. exd4 Nxd4 13. Nxd4 cxd4 14. Nd2 Bxg2 15. Kxg2 Bc5 16. Nf3 Qd6 17. a3 a5 18. b4 axb4 19. axb4 Bxb4 20. Bxd4 Nd7 21. Ra7 Ra8 22. Rda1 Ba5 23. Rxa8 Rxa8 24. Qe4 Re8 25. Rd1 e5 26. Ba1 Nf6 27. Qe2 Nd7 28. Ng5 Nf6 29. h4 h6 30. Ne4 Qc6 31. f3 Nd7 32. Rb1 f6 33. Rb5 f5 34. Nf2 Qe6 35. Bb2 Nc5 36. Qe3 Nd7 37. g4 f4 38. Qe4 Nc5 39. Qe2 Qe7 40. Kh3 Qe6 41. Ne4 Nd7 42. h5 Qc6 43. Ba3 Kh8 44. Bd6 Re6 45. Ba3 Re8 46. Kg2 Re6 47. Bb2 Kg8 48. Ba3 Kh8 49. Qc2 Kg8 50. Qe2 Kh8 51. Bb2 Kg8 52. Nf2 Qc7 53. Qe4 Nc5 54. Qd5 Qe7 55. Ba3 Qd7 56. Rxc5 Qxd5 57. cxd5 bxc5 58. dxe6 Bb6 59. Ne4 Kf8 60. Bxc5+ Bxc5 61. Nxc5 Ke7 62. Kf2 Kd6 63. Ke2 Ke7 64. d4 exd4 65. Kd3 1-0

[Event "Cordoba Villa Giardino op 15th"]
[Site "Cordoba"]
[Date "2016.05.25"]
[Round "2"]
[White "Tristan, Leonardo"]
[Black "Acosta, Raul ER"]
[Result "1-0"]
[WhiteElo "2430"]
[BlackElo "2001"]
[PlyCount "37"]
[EventDate "2016.05.25"]
[EventType "swiss"]
[EventRounds "7"]
[EventCountry "ARG"]
[SourceTitle "EXT 2024"]
[Source "ChessBase"]
[SourceDate "2023.10.10"]
[SourceVersion "1"]
[SourceVersionDate "2023.10.10"]
[SourceQuality "1"]

1. e4 c5 2. Nc3 Nc6 3. Bb5 Nd4 4. Bc4 Rb8 5. a4 d6 6. Nge2 a6 7. Nxd4 cxd4 8. Ne2 b5 9. axb5 axb5 10. Bb3 Qb6 11. d3 g6 12. c3 dxc3 13. Be3 Qc7 14. Nxc3 Nf6 15. Nxb5 Rxb5 16. Ba4 Qa5+ 17. b4 Qxb4+ 18. Bd2 Qc5 19. Rc1 1-0

[Event "Las Varillas Cup Municipalidad"]
[Site "Las Varillas"]
[Date "2015.08.16"]
[Round "4.6"]
[White "Acosta, Raul ER"]
[Black "Suarez, Mauricio Josue"]
[Result "1/2-1/2"]
[WhiteElo "1968"]
[BlackElo "1846"]
[PlyCount "57"]
[EventDate "2015.08.15"]
[EventType "swiss"]
[EventRounds "7"]
[EventCountry "ARG"]
[SourceTitle "EXT 2024"]
[Source "ChessBase"]
[SourceDate "2023.10.10"]
[SourceVersion "1"]
[SourceVersionDate "2023.10.10"]
[SourceQuality "1"]

1. g3 d5 2. Bg2 Nf6 3. c4 e6 4. Nf3 Be7 5. 0-0 0-0 6. b3 c5 7. Bb2 Nc6 8. e3 b6 9. Qe2 Bb7 10. Rd1 Qc7 11. d3 Rfd8 12. Nbd2 d4 13. e4 e5 14. Rf1 Bc8 15. Ne1 Bd6 16. Nc2 h5 17. h3 Bd7 18. Nf3 g6 19. Bc1 Kg7 20. Bg5 Qc8 21. Kh2 Rh8 22. Bxf6+ Kxf6 23. Qd2 Kg7 24. h4 Qc7 25. Bh3 Bxh3 26. Kxh3 Ne7 27. Kg2 Rhf8 28. Rh1 Ng8 29. Rag1 1/2-1/2

[Event "Nicandro Memorial U2200 3rd"]
[Site "Santiago del Estero"]
[Date "2014.11.01"]
[Round "2.4"]
[White "Martin, Mateo"]
[Black "Acosta, Raul ER"]
[Result "1/2-1/2"]
[WhiteElo "1911"]
[BlackElo "2000"]
[PlyCount "66"]
[EventDate "2014.11.01"]
[EventType "swiss"]
[EventRounds "6"]
[EventCountry "ARG"]
[SourceTitle "EXT 2024"]
[Source "ChessBase"]
[SourceDate "2023.10.10"]
[SourceVersion "1"]
[SourceVersionDate "2023.10.10"]
[SourceQuality "1"]

1. d4 c5 2. d5 e5 3. c4 d6 4. Nc3 a6 5. e4 Be7 6. Bd3 Bg5 7. Nge2 Bxc1 8. Qxc1 Ne7 9. h4 0-0 10. Qg5 f6 11. Qg3 f5 12. f3 Nd7 13. 0-0-0 Nf6 14. h5 fxe4 15. Nxe4 Nf5 16. Qf2 Nxe4 17. Bxe4 b5 18. Kb1 Nd4 19. Nxd4 exd4 20. Qc2 h6 21. Rde1 bxc4 22. Qxc4 Rb8 23. g4 Qg5 24. Rh2 Rb4 25. Qd3 Qf6 26. Rhe2 c4 27. Qa3 Rb6 28. Bg6 Bd7 29. Re7 Bb5 30. Qa5 Rbb8 31. Qc7 Rfc8 32. Qa7 Ra8 33. Qb7 Rab8 1/2-1/2

[Event "Posadas Misiones Cup"]
[Site "Posadas"]
[Date "2013.10.13"]
[Round "3"]
[White "Acosta, Raul ER"]
[Black "Carlino, Esteban Ezequiel"]
[Result "1/2-1/2"]
[WhiteElo "2100"]
[BlackElo "1956"]
[PlyCount "91"]
[EventDate "2013.10.12"]
[EventType "swiss"]
[EventRounds "6"]
[EventCountry "ARG"]
[SourceTitle "EXT 2024"]
[Source "ChessBase"]
[SourceDate "2023.10.10"]
[SourceVersion "1"]
[SourceVersionDate "2023.10.10"]
[SourceQuality "1"]

1. e4 c5 2. Nf3 e6 3. d4 cxd4 4. Nxd4 Qb6 5. Nb3 Qc7 6. g3 Nf6 7. Bg2 Be7 8. Bf4 d6 9. Nc3 a6 10. Qe2 Nc6 11. Be3 b5 12. f4 Bb7 13. 0-0 0-0 14. g4 d5 15. exd5 Nxd5 16. Bxd5 exd5 17. Nxd5 Qd6 18. Rad1 Rae8 19. Qf3 Nb4 20. Bc5 Bxd5 21. Bxd6 Bxf3 22. Bxe7 Rxe7 23. Rxf3 Nxc2 24. Kf2 Rfe8 25. Rd2 Ne3 26. h3 Nc4 27. Rc2 h5 28. gxh5 Re1 29. Nc5 Rh1 30. Kg3 Ne3 31. Rcf2 Nf5+ 32. Kg4 Nh6+ 33. Kg3 Rg1+ 34. Rg2 Nf5+ 35. Kh2 Rxg2+ 36. Kxg2 Nh4+ 37. Kf2 Nxf3 38. Kxf3 a5 39. Nb7 Re1 40. Nxa5 Ra1 41. Nc6 Rxa2 42. b4 Kh7 43. Nd4 Rb2 44. Nxb5 Rxb4 45. Nd6 f6 46. Nf5 1/2-1/2

[Event "Posadas Misiones Cup"]
[Site "Posadas"]
[Date "2013.10.12"]
[Round "2"]
[White "Herrero, Juan Luis"]
[Black "Acosta, Raul ER"]
[Result "0-1"]
[WhiteElo "1580"]
[BlackElo "2100"]
[PlyCount "90"]
[EventDate "2013.10.12"]
[EventType "swiss"]
[EventRounds "6"]
[EventCountry "ARG"]
[SourceTitle "EXT 2024"]
[Source "ChessBase"]
[SourceDate "2023.10.10"]
[SourceVersion "1"]
[SourceVersionDate "2023.10.10"]
[SourceQuality "1"]

1. e4 c5 2. Nf3 d6 3. d4 cxd4 4. Nxd4 Nf6 5. Nc3 g6 6. f3 Bg7 7. Be3 0-0 8. Qd2 Nc6 9. 0-0-0 Nxd4 10. Bxd4 Be6 11. g4 Qa5 12. Kb1 Rfc8 13. Nd5 Qxd2 14. Nxf6+ Bxf6 15. Rxd2 Kg7 16. h4 Bxd4 17. Rxd4 Kf6 18. Rb4 Rc7 19. Rb5 h6 20. g5+ hxg5 21. hxg5+ Kg7 22. f4 b6 23. f5 Bd7 24. f6+ exf6 25. gxf6+ Kxf6 26. Rd5 Ke7 27. Bg2 Rac8 28. c3 Rc5 29. Rd4 Rg5 30. Rd2 Bc6 31. Kc1 Rd8 32. Re1 Re5 33. Rde2 Rh8 34. Kd2 Bb5 35. Rf2 Rh2 36. b3 Rg5 37. Rg1 Bd7 38. Ke3 Bh3 39. Bf3 Rxf2 40. Kxf2 Rxg1 41. Kxg1 Ke6 42. Kf2 Ke5 43. Kg3 Bd7 44. a3 Bc6 45. b4 Bxe4 0-1